INDIA CONNECTED MAPPING THE IMPACT OF NE (Record no. 31884)
[ view plain ]
| 000 -LEADER | |
|---|---|
| fixed length control field | 00345nam a2200133Ia 4500 |
| 008 - FIXED-LENGTH DATA ELEMENTS--GENERAL INFORMATION | |
| fixed length control field | 240624s9999 xx 000 0 und d |
| 041 ## - LANGUAGE CODE | |
| Language code of text/sound track or separate title | eng |
| 082 ## - DEWEY DECIMAL CLASSIFICATION NUMBER | |
| Classification number | 658.45 NAR |
| 100 ## - MAIN ENTRY--PERSONAL NAME | |
| Personal name | NARAYAN SUNETRA SEN |
| 245 ## - TITLE STATEMENT | |
| Title | INDIA CONNECTED MAPPING THE IMPACT OF NE |
| 260 ## - PUBLICATION, DISTRIBUTION, ETC. | |
| Date of publication, distribution, etc. | 2016 |
| Place of publication, distribution, etc. | New Delhi |
| Name of publisher, distributor, etc. | Sage |
| 300 ## - PHYSICAL DESCRIPTION | |
| Extent | ix, 308 p.; 23 cm. |
| 365 ## - TRADE PRICE | |
| Currency code | RS |
| Price amount | 33 |
| Withdrawn status | Lost status | Damaged status | Not for loan | Home library | Current library | Shelving location | Date acquired | Full call number | Barcode | Date last seen | Copy number | Price effective from | Koha item type |
|---|---|---|---|---|---|---|---|---|---|---|---|---|---|
| IMTN | IMTN | Rack 33-A | 09/24/2019 | 658.45 NAR | 31884 | 06/24/2024 | 1 | 06/24/2024 | Books |